Détroits sur une carte du Monde - Statistiques

Statistiques générales
  • Ce quiz a été pris 6 807 fois
  • Le résultat moyen est 7 sur 30
Réponses sur la Carte
Les réponses sont colorées sur une échelle allant du rouge au vert en fonction du pourcentage des utilisateurs qui les ont devinées à leur premier essai. Vous pouvez retrouver ces pourcentages ci-dessous.
 
Statistiques - réponses
Réponse % Correct
Détroit de Gibraltar
91%
Détroit de Malacca
62%
Détroit de Bering
58%
Détroit d'Ormuz
55%
Détroit de Magellan
42%
Détroit du Bosphore
41%
Pas de Calais
35%
Bab-el-Mandeb
34%
Canal du Mozambique
30%
Détroit de Taïwan
30%
Détroit des Dardanelles
28%
Détroit de Floride
23%
Détroit de Corée
22%
Détroit de Danemark
17%
Canal de Sicile
16%
Détroit de Messine
14%
Détroit de Cook
13%
Canal du Yucatán
12%
Détroit d'Hudson
12%
Détroit de la Sonde
10%
Détroit de Kertch
8%
Détroit de Torrès
8%
Kattegat
7%
Skagerrak
7%
Détroit de Luçon
6%
Passage du Nord-Ouest
6%
Canal Saint-Georges
5%
Passage du Vent
5%
Canal d'Otrante
4%
Détroit de La Pérouse
4%
Aucun quiz correspondant
Distribution des résultats
% des personnes avec chaque résultat
Percentile par nombre de réponses
Votre historique - résultats
Vous n’avez pas pris ce quiz